The Oxford book of Urdu short stories / (Record no. 48247)
[ view plain ]
| 000 -LEADER | |
|---|---|
| fixed length control field | 00956cam a22003137a 4500 |
| 001 - CONTROL NUMBER | |
| control field | 15872253 |
| 003 - CONTROL NUMBER IDENTIFIER | |
| control field | Nust |
| 005 - DATE AND TIME OF LATEST TRANSACTION | |
| control field | 20180702045839.0 |
| 008 - FIXED-LENGTH DATA ELEMENTS--GENERAL INFORMATION | |
| fixed length control field | 090818s2009 pk 000 j eng |
| 010 ## - LIBRARY OF CONGRESS CONTROL NUMBER | |
| LC control number | 2009361070 |
| 020 ## - INTERNATIONAL STANDARD BOOK NUMBER | |
| International Standard Book Number | 9780195476934 |
| Terms of availability | Rs. 416.50 |
| 025 ## - OVERSEAS ACQUISITION NUMBER | |
| Overseas acquisition number | P-E-2009361070; 11 |
| 038 ## - RECORD CONTENT LICENSOR | |
| Staff Name | Arshad |
| 040 ## - CATALOGING SOURCE | |
| Original cataloging agency | DLC |
| Transcribing agency | DLC |
| 041 1# - LANGUAGE CODE | |
| Language code of text/sound track or separate title | eng |
| Language code of original | urd |
| 042 ## - AUTHENTICATION CODE | |
| Authentication code | lcode |
| 050 00 - LIBRARY OF CONGRESS CALL NUMBER | |
| Classification number | MLCS 2009/04803 (P) |
| 082 ## - DEWEY DECIMAL CLASSIFICATION NUMBER | |
| Classification number | 891.43930108 |
| Author Mark | AZF |
| 245 04 - TITLE STATEMENT | |
| Title | The Oxford book of Urdu short stories / |
| Statement of responsibility, etc. | selected and translated by Amina Azfar ; foreword by Aamer Hussein ; introd. by Iftikhar Arif. |
| 246 3# - VARYING FORM OF TITLE | |
| Title proper/short title | Urdu short stories |
| 260 ## - PUBLICATION, DISTRIBUTION, ETC. | |
| Place of publication, distribution, etc. | Karachi : |
| Name of publisher, distributor, etc. | Oxford University Press, |
| Date of publication, distribution, etc. | 2009. |
| 300 ## - PHYSICAL DESCRIPTION | |
| Extent | xx, 403 p. ; |
| Dimensions | 22 cm. |
| 500 ## - GENERAL NOTE | |
| General note | Short stories. |
| 500 ## - GENERAL NOTE | |
| General note | Translated from Urdu. |
| 700 1# - ADDED ENTRY--PERSONAL NAME | |
| Personal name | Azfar, Amina. |
| 9 (RLIN) | 11337 |
| 906 ## - LOCAL DATA ELEMENT F, LDF (RLIN) | |
| a | 7 |
| b | cbc |
| c | origode |
| d | 4 |
| e | ncip |
| f | 20 |
| g | y-gencatlg |
| 942 ## - ADDED ENTRY ELEMENTS (KOHA) | |
| Source of classification or shelving scheme | |
| Koha item type | Book |
| Withdrawn status | Lost status | Source of classification or shelving scheme | Damaged status | Not for loan | Collection code | Permanent Location | Current Location | Shelving location | Date acquired | Total Checkouts | Total Renewals | Full call number | Barcode | Date last seen | Date last checked out | Copy number | Price effective from | Koha item type |
|---|---|---|---|---|---|---|---|---|---|---|---|---|---|---|---|---|---|---|
| Central Library (CL) | Central Library (CL) | Fiction | 01/12/2017 | 1 | 4 | 891.43930108 AZF | CL1770 | 04/24/2022 | 09/22/2019 | 1 | 01/12/2017 | Book |
